Wittgenstein el lenguaje, la política y la justicia Sobre el significado de Ludwig Wittgenstein para el pensamiento social y político (Registro nro. 20921)

Detalles MARC
000 -ENCABEZADO
Número de control [NR] 00860nam a2200205Ia 4500
008 - DE LONGITUD FIJA DE DATOS DE ELEMENTOS - INFORMACIÓN GENERAL
Elementos de longitud fija [NR] 130821s1984 sp gr spa
020 ## - NUMERO INTERNACIONAL NORMALIZADO PARA LIBROS [R]
Número Internacional Normalizado del libro [NR] 8425907004
040 ## - FUENTE DE CATALOGACION [NR]
Agencia de catalogación original [NR] Co-BoUCM
Idioma de catalogación [NR] spa
041 00 - CODIGO DE IDIOMA [R]
Código de idioma para texto/pista de sonido o título separado [R] Español
100 ## - ASIENTO PRINCIPAL--NOMBRE PERSONAL [NR]
Nombre personal [NR] Fenichel Pitkin, Hanna
ID Autoridad 156550
245 00 - MENCION DE TITULO [NR]
Título [NR] Wittgenstein el lenguaje, la política y la justicia Sobre el significado de Ludwig Wittgenstein para el pensamiento social y político
Mención de responsabilidad, etc. [NR] Hanna Fenichel Pitkin
260 ## - PUBLICACION, DISTRIBUCION, ETC. (PIE DE IMPRENTA) [R]
Lugar de publicación, distribución, etc. [R] Madrid (España)
Nombre del editor, distribuidor, etc. [R] Centro de Estudios Constitucionales
Fecha de publicación, distribución, etc. [R] 1984
300 ## - DESCRIPCION FISICA [R]
Extensión [R] xxiv, 489 páginas
490 ## - MENCION DE SERIE [R]
Mención de serie [R] Colección el Derecho y la Jjusticia
Designación numérica/secuencial del volumen [NR] 2
600 ## - ASIENTO SECUNDARIO DE MATERIA - NOMBRE PERSONAL [R]
Nombre personal [NR] Wittgenstein, Ludwig Josef Johann
Fechas asociadas con el nombre [NR] 1889-1951
Subdivisión general [R] Crítica e interpretación, etc.
9 (RLIN) 69408
650 04 - ASIENTO SECUNDARIO DE MATERIA - TERMINO TEMATICO [R]
Término temático o nombre geográfico como elemento de entrada [NR] Filosofía del derecho
9 (RLIN) 15792
650 04 - ASIENTO SECUNDARIO DE MATERIA - TERMINO TEMATICO [R]
Término temático o nombre geográfico como elemento de entrada [NR] Filosofía del lenguaje
9 (RLIN) 15796
942 ## - ELEMENTOS DE ENTRADA AGREGADOS (KOHA)
Tipo de ítem principal el descrito en 300a Libro
Tema principal Derecho
Edición 1
Parte restante de la signatura top. F35
Sistema de clasificación DEWEY
Clasificación 401
Existencias
Fecha de último préstamo Total préstamos Total Renewals Signatura topográfica Código de barras Última vez visto Ejemplar Price effective from Tipo de ítem Perdido Sistema de clasificación Dañado No prestable Tipo de ítem específico Suprimido Ubicación habitual Ubicación actual Localización Fecha de creación Forma de adquisición Costo
24/10/2019 20 5 401 F35 100025702 05/12/2025 Ej.1 03/02/2013 Libro   DEWEY     Libro   Claustro Claustro 2do piso 28/02/2003 Donación 1000.00